000 00518nam a22001812 4500
001 0000005482
005 20151217160421.0
008 070614s xx 000 0 eng d
040 _aKABU
_cKABU
050 0 _aPE1591
_b.O94 2003
245 1 0 _aOxford junior illustrated thesaurus /
_ccompiled by Alan Spooner.
260 _aOxford :
_bOUP,
_c2003.
300 _a236 p.
700 1 _aSpooner, Alan.
_@0000156769
908 _a070614
950 _@1
999 _c14761
_d14761